Passenger travel demand forecasting. (Record no. 543385)

000 -LEADER
fixed length control field 00755cam a2200181 i 4500
020 ## - INTERNATIONAL STANDARD BOOK NUMBER
International Standard Book Number 0309025850 :
082 00 - DEWEY DECIMAL CLASSIFICATION NUMBER
Classification number 380.5/08 s
-- 388.4
Author Mark NAT
-- D
110 2# - MAIN ENTRY--CORPORATE NAME
Corporate name or jurisdiction name as entry element National Research Council (U.S.).
9 (RLIN) 20017
245 10 - TITLE STATEMENT
Title Passenger travel demand forecasting.
260 ## - PUBLICATION, DISTRIBUTION, ETC.
Place of publication, distribution, etc. Washington :
Name of publisher, distributor, etc. Transportation Research Board, Commission on Sociotechnical Systems, National Research Council, National Academy of Sciences,
Date of publication, distribution, etc. 1976.
300 ## - PHYSICAL DESCRIPTION
Extent iii, 52 p. :
Other physical details ill. ;
Dimensions 28 cm.
526 ## - STUDY PROGRAM INFORMATION NOTE
Program name 0
Interest level 0
Reading level 0
Title point value 380_508000000000000_S_NAT
650 #0 - SUBJECT ADDED ENTRY--TOPICAL TERM
Topical term or geographic name entry element Choice of transportation
General subdivision Mathematical models
-- Congresses.
9 (RLIN) 38748
650 #0 - SUBJECT ADDED ENTRY--TOPICAL TERM
Topical term or geographic name entry element NUST
9 (RLIN) 6342
650 #0 - SUBJECT ADDED ENTRY--TOPICAL TERM
Topical term or geographic name entry element Traffic estimation
General subdivision Congresses.
9 (RLIN) 38749
650 #0 - SUBJECT ADDED ENTRY--TOPICAL TERM
Topical term or geographic name entry element Transportation
General subdivision Passenger traffic
-- Congresses.
9 (RLIN) 38750
942 ## - ADDED ENTRY ELEMENTS (KOHA)
Source of classification or shelving scheme
Koha item type Book
Holdings
Withdrawn status Lost status Source of classification or shelving scheme Damaged status Not for loan Permanent Location Current Location Date acquired Total Checkouts Full call number Barcode Date last seen Price effective from Koha item type
          Military College of Engineering (MCE) Military College of Engineering (MCE) 03/21/2014   380.5/08 s NAT MCE-42159 03/21/2014 03/21/2014 Book
© 2023 Central Library, National University of Sciences and Technology. All Rights Reserved.